STN EN ISO 3166-1 (01 0190) kódy na reprezentáciu názvov krajín a ich častí
Gespeichert in:
| Körperschaft: | |
|---|---|
| Weitere Verfasser: | , |
| Format: | Buch |
| Sprache: | Slowakisch |
| Veröffentlicht: |
Bratislava
Slovenský ústav technickej normalizácie
2000
|
| Schlagworte: | |
| Tags: |
Keine Tags, Fügen Sie das erste Tag hinzu!
|
MARC
| LEADER | 00000nam a2200000 4500 | ||
|---|---|---|---|
| 001 | c132721 | ||
| 005 | 20240104101435.5 | ||
| 041 | 0 | |a slo | |
| 044 | |a SK | ||
| 245 | 1 | 0 | |a STN EN ISO 3166-1 (01 0190) |b kódy na reprezentáciu názvov krajín a ich častí |c Spracovateľ: Zora Jurčacková, Eva Krištofičová |
| 264 | 1 | |a Bratislava |b Slovenský ústav technickej normalizácie |c 2000 | |
| 300 | |a 72 s. | ||
| 610 | 2 | 0 | |a normy ISO |
| 610 | 2 | 0 | |a ISO 3166-1 |
| 610 | 2 | 0 | |a STN 01 0190 |
| 610 | 2 | 0 | |a terminológia |
| 610 | 2 | 0 | |a Slovensko |
| 700 | 1 | |a Jurčacková, Zora | |
| 700 | 1 | |a Krištofičová, Eva | |
| 710 | 2 | |a Úrad pre normalizáciu, metrológiu a skúšobníctvo Slovenskej republiky | |